Pokémon par catégorie (3G) - Statistiques

Statistiques générales
  • Ce quiz a été pris 10 fois
  • Le résultat moyen est 19 sur 135
Statistiques - réponses
No. Pokémon Catégorie % Correct
373 Drattak Dragon
88%
255 Poussifeu Poussin
88%
267 Charmillon Papillon
75%
349 Barpau Poisson
75%
331 Cacnea Cactus
63%
266 Armulys Cocon
63%
268 Blindalys Cocon
63%
277 Hélédelle Hirondelle
63%
313 Muciole Luciole
63%
314 Lumivole Luciole
63%
278 Goélise Mouette
63%
256 Galifeu Poulet
63%
285 Balignon Champignon
50%
286 Chapignon Champignon
50%
380 Latias Eon
50%
381 Latios Eon
50%
353 Polichombr Poupée
50%
386 Deoxys ADN
38%
300 Skitty Chaton
38%
383 Groudon Continent
38%
291 Ninjask Ninja
38%
252 Arcko Bois Gecko
25%
253 Massko Bois Gecko
25%
299 Tarinor Boussole
25%
384 Rayquaza Cieux
25%
351 Morphéo Climat
25%
281 Kirlia Emotion
25%
254 Jungko Forêt
25%
357 Tropius Fruit
25%
307 Méditikka Méditation
25%
308 Charmina Méditation
25%
370 Lovdisc Rendezvous
25%
385 Jirachi Souhait
25%
304 Galekid Armurfer
13%
305 Galegon Armurfer
13%
306 Galeking Armurfer
13%
320 Wailmer Baleinboule
13%
382 Kyogre Bassinmarin
13%
321 Wailord Cachabouée
13%
335 Mangriff Chat Furet
13%
297 Hariyama Cogneur
13%
359 Absol Désastre
13%
316 Gloupti Estomac
13%
379 Registeel Fer
13%
264 Linéon Fonceur
13%
273 Grainipiot Gland
13%
301 Delcatty Guindé
13%
378 Regice Iceberg
13%
276 Nirondelle Minirondel
13%
261 Medhyéna Morsure
13%
262 Grahyéna Morsure
13%
279 Bekipan Oiseaudo
13%
309 Dynavolt Orage
13%
269 Papinox Papipoison
13%
376 Métalosse Pattefer
13%
258 Gobou Poissonboue
13%
259 Flobio Poissonboue
13%
260 Laggron Poissonboue
13%
343 Balbuto Poupargile
13%
344 Kaorine Poupargile
13%
325 Spoink Rebond
13%
280 Tarsal Sentiment
13%
303 Mysdibule Trompeur
13%
265 Chenipotte Ver
13%
329 Vibraninf Vibration
13%
367 Serpang Abysse
0%
311 Posipi Acclameur
0%
312 Négapi Acclameur
0%
356 Téraclope Appel
0%
290 Ningale Apprenti
0%
270 Nenupiot Aquaplante
0%
257 Braségali Ardent
0%
339 Barloche Barbillon
0%
340 Barbicha Barbillon
0%
346 Vacilys Bernacle
0%
366 Coquiperl Bivalve
0%
348 Armaldo Blindage
0%
374 Terhal Boulefer
0%
284 Maskadra Boule Oeil
0%
365 Kaimorse Brise Glace
0%
295 Brouhabam Bruit Sourd
0%
319 Sharpedo Brutal
0%
341 Ecrapince Brute
0%
361 Stalgamin Capuche
0%
358 Eoko Carillon
0%
324 Chartor Charbon
0%
293 Chuchmur Chuchoteur
0%
363 Obalie Clap Clap
0%
342 Colhomard Crapule
0%
347 Anorith Crustage
0%
310 Elecsprint Décharge
0%
372 Drackhaus Endurant
0%
322 Chamallot Engourdi
0%
315 Rosélia Epine
0%
332 Cacturne Epouvantail
0%
323 Camérupt Eruption
0%
282 Gardevoir Etreinte
0%
292 Munja Exuvie
0%
362 Oniglali Face
0%
289 Monaflèmit Fainéant
0%
318 Carvanha Féroce
0%
287 Parecool Flâneur
0%
294 Ramboum Grosse Voix
0%
272 Ludicolo Insouciant
0%
271 Lombre Jovial
0%
345 Lilia Lis d'Eau
0%
369 Relicanth Longévité
0%
326 Groret Magouiller
0%
274 Pifeuil Malin
0%
275 Tengalice Malveillant
0%
283 Arakdo Maresurfeur
0%
354 Branette Marionnette
0%
368 Rosabyss Mer du Sud
0%
337 Séléroc Météorite
0%
338 Solaroc Météorite
0%
352 Kecleon Multicolor
0%
330 Libégon Mystique
0%
302 Ténéfix Obscurité
0%
333 Tylton Oiseaucoton
0%
327 Spinda Panda Tache
0%
263 Zigzaton Petit Raton
0%
377 Regirock Pic Rocheux
0%
328 Kraknoix Piégeur
0%
375 Métang Pincefer
0%
298 Azurill Point Polka
0%
360 Okéoké Ravi
0%
355 Skelénox Requiem
0%
364 Phogleur Roule Boule
0%
317 Avaltout Sac Poison
0%
336 Séviper Serpacroc
0%
296 Makuhita Tenace
0%
350 Milobellus Tendre
0%
371 Draby Tête de Roc
0%
288 Vigoroth Turbusinge
0%
334 Altaria Virevolteur
0%
Aucun quiz correspondant
Distribution des résultats
% des personnes avec chaque résultat
Percentile par nombre de réponses
Votre historique - résultats
Vous n’avez pas pris ce quiz